| Tag |
First Indicator |
Second Indicator |
Subfields |
| LEADER |
00000cam a2200000 a 4500 |
| 001 |
in00000007451 |
| 005 |
20151005080022.0 |
| 008 |
871207s1987 gw 00010 ger d |
| 035 |
|
|
|a (OCoLC)17198002
|
| 035 |
|
|
|9 AAA1944AM
|
| 040 |
|
|
|a IND
|c IND
|d TXA
|d UtOrBLW
|
| 049 |
|
|
|a TXAM
|c [A12616474]
|
| 050 |
|
4 |
|a PT2662.E7
|b E45 1987
|
| 100 |
1 |
|
|a Bernhard, Thomas.
|
| 245 |
1 |
0 |
|a Elisabeth II /
|c Thomas Bernhard.
|
| 264 |
|
1 |
|a Frankfurt am Main :
|b Suhrkamp,
|c 1987.
|
| 300 |
|
|
|a 125 pages ;
|c 19 cm.
|
| 336 |
|
|
|a text
|b txt
|2 rdacontent
|
| 337 |
|
|
|a unmediated
|b n
|2 rdamedia
|
| 338 |
|
|
|a volume
|b nc
|2 rdacarrier
|
| 490 |
0 |
|
|a Bibliothek Suhrkamp ;
|v Bd. 964
|
| 500 |
|
|
|a A play.
|
| 740 |
0 |
|
|a Elisabeth die Zweite.
|
| 999 |
|
|
|a MARS
|
| 999 |
f |
f |
|s 6963f2b5-fb97-3194-bed6-bc12f529b1d4
|i 39b11799-8105-3da9-afda-527d38b9eabc
|t 0
|
| 952 |
f |
f |
|p normal
|a Texas A&M University
|b College Station
|c Sterling C. Evans Library
|d Evans: Library Stacks
|t 0
|e PT2662.E7 E45 1987
|h Library of Congress classification
|i unmediated -- volume
|m A14812616474
|
| 998 |
f |
f |
|a PT2662.E7 E45 1987
|t 0
|l Evans: Library Stacks
|